00343nam a2200145Ia 4500008004100000020001500041041001200056082001100068100001600079245003800095250000800133260003800141300000800179650001000187221030s9999 xx 000 0 und d a8173194289 aEnglish a105.23 aG. K. Dubey 0aFundamentals of Electrical Drives a2nd bNarosa Pub HouseaNew Delhic2007 a392 aBB EE